| 000 | 00457nam a2200145 a 4500 | ||
|---|---|---|---|
| 005 | 20140414132100.0 | ||
| 008 | 100626s19uu xx 00 eng d | ||
| 020 | _a0-448-43212-9 | ||
| 050 |
_aFIC _bZ7 2003 |
||
| 100 | _aZipzer, Hank | ||
| 245 |
_aDay of the iguana : _bThe mostly true confessions of the world's best underachiever / _cby Henry Winkler and Lin Oliver. |
||
| 260 |
_aNew York : _bGrosset & Dunlap, _c2003. |
||
| 300 | _a154 | ||
| 999 |
_c114430 _d114430 |
||